000 00303nmm a2200097Ia 4500
008 220120s9999||||xx |||||||||||||||||und||
020 _a0-07-044540-0
100 _aDigit
245 0 _aDigit-Dec : Norton internet security 2012, 500mb, optimizati
260 _aNine dot nine interactive ltd.
_bNew Delhi
_c2011
999 _c139709
_d139709